000 00664cam a2200229 4500500
005 20260405002709.0
041 _afre
042 _adc
100 1 0 _aLacroix, Alexandre
_eauthor
245 0 0 _aL’abécédaire de Clément Rosset
260 _c2018.
500 _a22
690 _aBoby Lapointe
690 _aClément Rosset
690 _aConnais-toi toi-même
690 _aEngagement
690 _aHommage
690 _aNietzsche
690 _aTintin
786 0 _nPhilosophie magazine | 119 | 5 | 2018-05-01 | p. 6-8 | 1951-1787
856 4 1 _uhttps://shs.cairn.info/magazine-philosophie-magazine-2018-5-page-6?lang=fr&redirect-ssocas=7080
999 _c2060186
_d2060186